Tercer Módulo, Taller de Proyectos 3: La habitación. Cuadernillo Visión de Valparaíso
Furkejuvvon:
| Searvvušdahkki: | |
|---|---|
| Materiálatiipa: | Girji |
| Giella: | espánnjágiella |
| Almmustuhtton: |
Valparaíso
Pontificia Universidad Católica de Valparaíso
1987
|
| Fáttát: | |
| Fáddágilkorat: |
Lasit fáddágilkoriid
Eai fáddágilkorat, Lasit vuosttaš fáddágilkora!
|
MARC
| LEADER | 00000cam a2200000 a 4500 | ||
|---|---|---|---|
| 001 | UCG1979 | ||
| 003 | CL-VaPUC | ||
| 008 | 100531e19870000CL |||||||||||||||||spa|d | ||
| 082 | 0 | 4 | |a 728.3 |b ESC |2 21 |
| 110 | 2 | |a Escuela de Arquitectura y Diseño |e author |9 550126 | |
| 245 | 1 | 0 | |a Tercer Módulo, Taller de Proyectos 3: La habitación. Cuadernillo Visión de Valparaíso |
| 300 | |a 158 h | ||
| 942 | |c BK | ||
| 945 | |d 20100531 00:00:00 |a dcastane | ||
| 260 | |a Valparaíso |b Pontificia Universidad Católica de Valparaíso |c 1987 | ||
| 500 | |a Visión de Valparaíso de Alberto Cruz y Juan Purcell | ||
| 500 | |a Estudios Ciudades Puerto de Jorge Ferrada y Juan Purcell | ||
| 500 | |a Las franjas de recreación urbana de Juan Purcell | ||
| 500 | |a Proyecto Avenida del Mar de Alberto Cruz y grupo de profesores | ||
| 500 | |a Proyecto Borde Costero de Juan Purcell y grupo de profesores | ||
| 500 | |a Proyecto Camino La Pólvora de Juan Purcell y J. Sánchez | ||
| 500 | |a Estudio de la casa en Valparaíso de Juan Purcell | ||
| 650 | 7 | |a URBANISMO PROYECTOS |2 CL-VaPUC |9 464708 | |
| 650 | 0 | |a Arquitectura |v Proyectos |9 464707 | |
| 650 | 0 | |a Viviendas |9 255326 | |
| 583 | |a last modification |c 20111007 11:39:51 |k Rodrigo Vera | ||
| 999 | |c 341222 |d 341220 | ||
| 952 | |0 0 |1 0 |4 0 |6 728_300000000000000_ESC_1987 |7 0 |8 R |9 436580 |a BIBARQ |b BIBARQ |d 2019-11-22 |i 4680693 |l 1 |o 728.3 ESC 1987 |p 4680693 |r 2025-01-20 |s 2024-04-05 |w 2019-11-22 |y BK_R |k ARQ | ||
| 952 | |0 0 |1 0 |4 0 |6 728_300000000000000_ESC_1987 |7 0 |8 R |9 436581 |a BIBARQ |b BIBARQ |d 2019-11-22 |i 4680707 |l 2 |o 728.3 ESC 1987 |p 4680707 |r 2025-01-20 |s 2024-04-09 |w 2019-11-22 |y BK_R |k ARQ | ||
| 952 | |0 0 |1 0 |4 0 |6 728_300000000000000_ESC_1987 |7 0 |8 R |9 436582 |a BIBARQ |b BIBARQ |d 2019-11-22 |i 4680715 |o 728.3 ESC 1987 |p 4680715 |r 2025-01-20 |w 2019-11-22 |y BK_R |k ARQ | ||
| 952 | |0 0 |1 0 |4 0 |6 728_300000000000000_ESC_1987 |7 0 |8 R |9 436583 |a BIBARQ |b BIBARQ |d 2019-11-22 |i 4680723 |l 3 |o 728.3 ESC 1987 |p 4680723 |r 2025-01-20 |s 2023-05-09 |w 2019-11-22 |y BK_R |k ARQ | ||